| 000 | 00980nam a22003137a 4500 | ||
|---|---|---|---|
| 003 | CHAP | ||
| 005 | 20220817041501.0 | ||
| 008 | 971013s1973 r 00010 d | ||
| 010 | _a15805 | ||
| 011 | _a16777 | ||
| 035 | _a20859 | ||
| 040 | _cCHAP | ||
| 082 |
_a330.98 _bH5Y |
||
| 100 | 0 | 0 |
_aHirschman, Albert O. _955578 |
| 245 | _aDesarrollo y América Latina; obstinación por la esperanza | ||
| 260 |
_aMéxico, D.F. : _bFondo de Cultura Económica, _c1973 |
||
| 300 | _a360 p. | ||
| 490 |
_aLecturas _v; 5 |
||
| 590 |
_aBATCH-UPD _b10 _c20130110 _lUCH01 _h1024 |
||
| 590 |
_aBATCH-UPD _b10 _c20130410 _lUCH01 _h0629 |
||
| 590 |
_aBATCH-UPD _b10 _c20130914 _lUCH01 _h1148 |
||
| 590 |
_aCONVERSION _b10 _c20130109 _lUCH01 _h1310 |
||
| 650 | 1 | 4 |
_aAmerica Latina _xCondiciones economicas. _95390 |
| 650 | 1 | 4 | _aDesarrollo económico. |
| 830 | 0 |
_aLecturas _v; 5 _965503 |
|
| 901 | _aBK | ||
| 942 | _cLIBRO | ||
| 949 |
_a330.98 H5Y _bBC _cLIBRO _d33724000330601 _eLIBRO _h29702 _i20859 _si |
||
| 999 |
_c15805 _d15805 |
||